00722nam a22001697a 4500003000400000008004100004020001800045082001600063245007800079260005500157300001400212650011700226700002100343942001200364999001700376952015900393OSt260701b |||||||| |||| 00| 0 eng d a9789372193725 a658.5bP89T aTechnology Commercialization and Incubation/ by Kausik Pradhan...[et al.] aNew Delhi : bNew India Publishing Agency, c2026. ax, 219 p. aTechnology (Applied Sciences) | Management and Auxiliary Services | Production Management | Operation Management aPradhan, Kausik  2ddccBK c52539d52539 00102ddc4070aRAUbRAUcGENd2026-07-01eFaith Enterprises g1995.00l0o658.5 P89Tp88389r2026-07-01w2026-01-22yBKk Invoice No. FE/11/2025-26